Central Library OPAC University of Rajshahi

A short Albanian grammar : (Record no. 7115)

MARC details
000 -LEADER
fixed length control field 00734nam a2200241 a 4500
001 - CONTROL NUMBER
control field 7115
003 - CONTROL NUMBER IDENTIFIER
rucl marc code BD-RjUL
005 - DATE AND TIME OF LATEST TRANSACTION
control field 20211208234351.0
008 - FIXED-LENGTH DATA ELEMENTS--GENERAL INFORMATION
fixed length control field 140113s1932 enkb 001 0 eng d
035 ## - SYSTEM CONTROL NUMBER
System control number (BD-RjUL)7157
System control number (BD-RjUL)
040 ## - CATALOGING SOURCE
Original cataloging agency NU
Language of cataloging eng
Transcribing agency NU
Modifying agency NU
041 0# - LANGUAGE CODE
Language code of text/sound track or separate title engalb
082 ## - DEWEY DECIMAL CLASSIFICATION NUMBER
Edition number 21
Classification number 491.81
Author mark and year MAS 1932
100 1# - MAIN ENTRY--PERSONAL NAME
Personal name Mann, Stuart E.
Fuller form of name (Stuart Edward),
Dates associated with a name 1905-
9 (RLIN) 22278
245 12 - TITLE STATEMENT
Title A short Albanian grammar :
Remainder of title with vocabularies, and selected passages for reading /
Statement of responsibility, etc. by S.E. Mann.
246 3# - VARYING FORM OF TITLE
Title proper/short title Albanian grammar
260 ## - PUBLICATION, DISTRIBUTION, ETC. (IMPRINT)
Place of publication, distribution, etc. London :
Name of publisher, distributor, etc. Nutt,
Date of publication, distribution, etc. 1932.
300 ## - PHYSICAL DESCRIPTION
Pagination 198 p. :
Illustrations map. ;
Size 19 cm.
500 ## - GENERAL NOTE
General note Spine title: Albanian grammar.
650 #0 - SUBJECT ADDED ENTRY--TOPICAL TERM
Topical term or geographic name as entry element Albanian language
General subdivision Grammar.
9 (RLIN) 22279
942 ## - ADDED ENTRY ELEMENTS (KOHA)
Source of classification or shelving scheme Dewey Decimal Classification
Koha item type Books
Holdings
Lost status Source of classification or shelving scheme Damaged status Not for loan Collection code Permanent Location Current Location Shelving location Date acquired Source of acquisition Cost, normal purchase price Total Checkouts Full call number Date last seen Copy number Koha item type
  Dewey Decimal Classification   Not For Loan Non-fiction Central Library, University of Rajshahi Central Library, University of Rajshahi   23/05/1957 Pak-American com. 9.12   491.81 MAS 1932 13/01/2014 C-1 Books